Statistics for guess the countries of oceania

Click here to take the quiz!

General Stats

  • This quiz has been taken 13 times
  • The average score is 13 of 14

Answer Stats

Answer% Correct
australia
100%
marshall islands
100%
micronesia
100%
nauru
100%
new zealand
100%
tuvalu
100%
vanuatu
100%
fiji
91%
kiribati
91%
palau
91%
samoa
91%
solomon islands
91%
tonga
91%
papua new guinea
82%

Score Distribution

Percentile by Number Answered

Percent of People with Each Score

Your Score History

You have not taken this quiz